Tepelná ochrana budov 2017. Quo vadis tepelná ochrana budov : zborník odborných referátov z 19. medzinárodnej konferencie. Štrbské Pleso, SR, 25. -26. 5. 2017

Gespeichert in:
Bibliographische Detailangaben
Körperschaft: Tepelná ochrana budov 2017 Štrbské Pleso, Slovenská republika
Format: Tagungsbericht Buch
Sprache:Slowakisch
Tschechisch
Veröffentlicht: Bratislava : BB print, 2017
Ausgabe:1. vyd.
Tags: Tag hinzufügen
Keine Tags, Fügen Sie das erste Tag hinzu!

MARC

LEADER 00000nam a22000003a 4500
001 0024115
003 SK-STU
005 20170622085903.6
007 ta
008 151009s ----xo-----e------100-0-----d
020 |a 978-80-89627-07-3 
040 |a STU  |b slo 
041 0 |a slo  |a cze 
044 |a xo 
111 2 |a Tepelná ochrana budov 2017  |n 19.  |d 25. -26. 5. 2017  |c Štrbské Pleso, Slovenská republika 
242 0 1 |a Thermal protection of buildings 2017. Quo vadis thermal protection of buildings  |y eng 
245 1 0 |a Tepelná ochrana budov 2017. Quo vadis tepelná ochrana budov :  |b zborník odborných referátov z 19. medzinárodnej konferencie. Štrbské Pleso, SR, 25. -26. 5. 2017 
250 |a 1. vyd. 
260 |a Bratislava :  |b BB print,  |c 2017 
300 |a 237 s. 
996 |b 284AU07088  |c A* 10319/U  |l AAKNST  |s P  |a 0  |w 0024115_0001